| 000 | 00331nam a22001337a 4500 | ||
|---|---|---|---|
| 020 | _qPB. | ||
| 040 | _cFIZZA ISHAQ | ||
| 082 |
_a004 _bGLE |
||
| 100 |
_aGLENN,BROOKSHEAR. _990980 |
||
| 245 |
_aCOMPUTER SCIENCE AN OVER VIEW / _cGLENN BROOKSHEAR. |
||
| 260 |
_aNEW YORK ; _bPEARSON, _c2015. |
||
| 300 | _a640 P. ; | ||
| 942 |
_2ddc _cBK |
||
| 999 |
_c589175 _d589175 |
||